[Event "SRB-ch sf"]
[Site "Paracin"]
[Date "2022.03.18"]
[Round "3"]
[White "Todorovic, Goran M"]
[Black "Nikolic, Zoran D"]
[Result "1/2-1/2"]
[WhiteElo "2336"]
[BlackElo "2107"]
[PlyCount "69"]
[EventDate "2022.03.17"]
[EventType "swiss"]
[EventRounds "9"]
[EventCountry "SRB"]
[SourceTitle "CBM 207 Extra"]
[Source "ChessBase"]
[SourceDate "2022.05.31"]
[SourceVersion "1"]
[SourceVersionDate "2022.05.31"]
[SourceQuality "1"]

1. e4 e5 2. Nf3 Nc6 3. Bb5 a6 4. Ba4 Nf6 5. Nc3 b5 6. Bb3 Be7 7. d3 d6 8. a4 b4 9. Nd5 Nxd5 10. Bxd5 Bd7 11. d4 Rb8 12. dxe5 dxe5 13. Qd3 0-0 14. Qxa6 Bd6 15. 0-0 Ne7 16. Bb3 Ra8 17. Qc4 Qe8 18. Bd2 Bxa4 19. Bxb4 Bxb3 20. cxb3 Rb8 21. Bxd6 cxd6 22. Ra6 Qb5 23. Rxd6 Qxb3 24. Nxe5 Qxb2 25. Nd7 Rbc8 26. Qd4 Qxd4 27. Rxd4 Rfe8 28. Rfd1 Ng6 29. g3 Rc2 30. Kg2 Nf8 31. Nxf8 Kxf8 32. Rd8 Rc4 33. Rxe8+ Kxe8 34. Kf3 Ke7 35. Rd3 1/2-1/2

[Event "SLO-chT Central 1st League 11th"]
[Site "Slovenia"]
[Date "2010.11.11"]
[Round "8.4"]
[White "Nikolic, Zoran D"]
[Black "Brcar, Ales"]
[Result "1-0"]
[WhiteElo "1574"]
[BlackElo "1922"]
[PlyCount "57"]
[EventDate "2010.09.09"]
[EventType "team-tourn"]
[EventRounds "9"]
[EventCountry "SLO"]
[SourceTitle "EXT 2022"]
[Source "ChessBase"]
[SourceDate "2021.10.06"]
[SourceVersion "1"]
[SourceVersionDate "2021.10.06"]
[SourceQuality "1"]
[WhiteTeam "Crni Graben"]
[BlackTeam "Trzin Buscotrade"]
[WhiteTeamCountry "SLO"]
[BlackTeamCountry "SLO"]

1. c4 c5 2. Nc3 Nf6 3. g3 Nc6 4. Bg2 e6 5. e3 Be7 6. d4 cxd4 7. exd4 d5 8. cxd5 exd5 9. Nge2 0-0 10. 0-0 Bg4 11. h3 Be6 12. a3 a6 13. Re1 Qd7 14. Kh2 Na5 15. Bg5 Ng4+ 16. hxg4 Bxg5 17. f4 Bxg4 18. fxg5 Qf5 19. Bxd5 Qxg5 20. Qa4 Qh6+ 21. Kg1 Nc6 22. Bxc6 bxc6 23. Nf4 g5 24. Ng2 Rae8 25. d5 Rxe1+ 26. Rxe1 Bf3 27. Kf2 g4 28. Qf4 cxd5 29. Qxh6 1-0

[Event "Nis op"]
[Site "Nis"]
[Date "2004.06.30"]
[Round "4"]
[White "Keca, Dragomir"]
[Black "Nikolic, Zoran D"]
[Result "1-0"]
[WhiteElo "2206"]
[BlackElo "2111"]
[PlyCount "123"]
[EventDate "2004.05.28"]
[EventType "swiss"]
[EventRounds "9"]
[EventCountry "YUG"]
[SourceTitle "EXT 2005"]
[Source "ChessBase"]
[SourceDate "2004.11.15"]
[SourceVersion "1"]
[SourceVersionDate "2004.11.15"]
[SourceQuality "1"]

1. c4 c5 2. Nf3 Nc6 3. d4 cxd4 4. Nxd4 e6 5. Nc3 Bb4 6. Bf4 Nxd4 7. Qxd4 Nf6 8. a3 Bxc3+ 9. Qxc3 0-0 10. Bg5 h6 11. Bxf6 Qxf6 12. Qxf6 gxf6 13. 0-0-0 Rd8 14. c5 Kf8 15. e3 Ke7 16. Be2 b6 17. Bf3 Rb8 18. c6 dxc6 19. Rxd8 Kxd8 20. Bxc6 Kc7 21. Be8 Bb7 22. Bxf7 Bxg2 23. Rg1 Bd5 24. Rg7 Kd6 25. Bg6 a5 26. Bd3 h5 27. e4 Bc6 28. Rh7 Be8 29. Kd2 Rd8 30. Ke3 Rc8 31. Rh8 Ke7 32. Bb5 Rd8 33. Bxe8 Rxe8 34. Rxh5 Kd8 35. Kf3 Kc7 36. Rb5 Kc6 37. Rb3 Rh8 38. Kg2 b5 39. Rc3+ Kb6 40. b4 a4 41. h3 Kb7 42. Rg3 Rh6 43. Rg7+ Kc6 44. Kg3 Kd6 45. f4 f5 46. exf5 exf5 47. Rg5 Rf6 48. h4 Kd5 49. h5 Kc4 50. Kh4 Kd4 51. Rg6 Rf8 52. h6 Ke4 53. Kg5 Re8 54. h7 Rh8 55. Kh6 Kxf4 56. Rg8 Rxh7+ 57. Kxh7 Ke4 58. Re8+ Kd4 59. Rf8 Ke4 60. Kg6 f4 61. Kg5 f3 62. Kg4 1-0